1927 1415 1303 1401 1219 1113 1644 1426 1011 1108 1804 1975 1906 1330 1351 1594 1935 1122 1164 1031 1168 1607 1360 1009 1330 1787 1984 1502 1210 1420 1231 1839 1022 1403 1485 1570 1580 1465 1210 1312 1593 1673 1859 1466 1006 1631 1900 1404 1430 1108 1242 1569 1855 1763 1508 1605 1173 1677 1453 1101 1028 1698 1201 1851 1911 1547 1637 1976 1149 1557 1814 1757 1439 1019 1577 1351 1854 1533 1151 1687 1342 1214 1350 1471 1929 1155 1189 1730 1346 1520 1871 1528 1920 1781 1446 1132 1701 1768 1537 BCNSPRNW ULIB Ver.6.0+V

เปลี่ยนเป็นภาษาไทย

Change to English
 แสดงรายละเอียดบรรณานุกรม
  กลับหน้าหลัก

Brief Record : Get Marc (ISO 2709) : E-mail record : QR code < ปิดหน้าต่าง
LEADER : 00000nam 2200000uu 4500
001    13399125442
003     ULIB
008    170601s2559||||th 000 0 tha d
020    ^a9786167829661
060 04 ^aWC515^bช576Q
100 0  ^aชิษณุ พันธุิ
245 00 ^aQ&A ไขปัญหา ^d^"ไข้หวัดใหญ่...ภัยร้ายที่ป้องกันได้^"/^cชิษณุ พันธุิ
250    ^aพิมพ์ครั้งที่ 1
260    ^aกรุงเทพฯ : ^bโครงการจุฬาคิดส์คลับ ฝ่ายกุมารเวชศาสตร์ โรงพยาบาลจุฬาลงกรณ์ สภากาชาดไทย,^c2559.
300    ^a71 หน้า :^c16 ซม.
650  7 ^aไข้หวัดใหญ่^xการป้องกันและควบคุม^xไขปัญหา
650  7 ^aวัคซีนไข้หวัดใหญ่
945    ^p120^l0^i24946
945    ^p120^l0^i24947
999    ^aกัณชพร
รายการนี้ยังไม่มีแท็ก
คุณยังไม่ได้ล็อกอิน คุณสามารถมีกิจกรรมร่วมกับเว็บไซต์ได้ แต่ต้องล็อกอินก่อน ::
  ล็อกอิน

รายการสื่อสารสนเทศ

ลำดับที่ ประเภท เลขเรียก/บาร์โค้ด สถานที่ สถานะ
1. หนังสือสำรอง
หนังสือสำรอง
WC515 ช576Q ฉ.1 
  Barcode: 24946
ห้องสมุดวิทยาเขตนครสวรรค์
►หนังสือทั่วไป:l:General Books
บนชั้น
2. วิทยาศาสตร์การแพทย์ และสุขภาพ
วิทยาศาสตร์การแพทย์ และสุขภาพ
WC515 ช576Q ฉ.2 
  Barcode: 24947
ห้องสมุดวิทยาเขตนครสวรรค์
►หนังสือทั่วไป:l:General Books
บนชั้น

รายการใกล้เคียง
    ผู้แต่ง [ชิษณุ พันธุิ]

    หัวเรื่อง [วัคซีนไข้หวัดใหญ่]

BibComment


ยังไม่เคยถูกคอมเมนท์

คอมเมนท์ทรัพยากรรายการนี้
  คอมเมนท์: QA ไขปัญหา ไข้ห..


 Copyright 2026. Bcnsprnw @Library